000 00797nam0a22002531 4500
001 rc\2813142
005 20250806210905.0
035 _a(NLR Aleph) 006938952
090 _a36891
_c36891
100 _a20110915d1944 u y0rusy50 ca
101 0 _arus
102 _aRU
105 _ay z |||||
200 1 _aПеред бурей
_eВоспоминания
_fИ. М. Майский
210 _aМосква
_cГослитиздат
_d1944
215 _a228 с.
_d21 см.
700 1 _aМайский
_bИ. М.
_f1884-1975
_gИван Михайлович
_3RU\NLR\AUTH\770128740
801 0 _aRU
_bNLR
_gpsbo
801 1 _aRU
_bELAR
_2rusmarc
852 _aNLR
_jЛ30 Г-3/129
942 _cBOOK
945 _aРоссийская национальная библиотека
980 _aNB
980 _aBV